| 000 | 01819nam a2200337 i 4500 | ||
|---|---|---|---|
| 999 |
_c5759 _d5759 |
||
| 001 | pr06546014 | ||
| 003 | CaOWLBI | ||
| 005 | 20251029114559.0 | ||
| 008 | 220705s2022 nyua d 6 000 f eng d | ||
| 010 | _a2021941588 | ||
| 020 | _a9781419750762 | ||
| 040 |
_aDLC _beng _erda _cDLC _dCaOWLBI _dCaOL _dKH8 |
||
| 082 | _aFIC ADA | ||
| 100 | 1 |
_aAdams, Leisl, _eauthor, _eillustrator. |
|
| 245 | 1 | 0 |
_aBatter royale / _cby Leisl Adams. |
| 246 | 3 | _aBattle royale. | |
| 264 | 1 |
_aNew York : _bAmulet Books, _c2022. |
|
| 300 |
_a234 pages : _bchiefly colour illustrations ; _c23 cm. |
||
| 336 |
_atext _btxt _2rdacontent. |
||
| 336 |
_astill image _bsti _2rdacontent. |
||
| 337 |
_aunmediated _bn _2rdamedia. |
||
| 338 |
_avolume _bnc _2rdacarrier. |
||
| 520 |
_a"In Leisl Adams' debut graphic novel, Batter Royale, an aspiring amateur baker enters the toughest, ugliest, most fearsome fight she'll ever experience: a baking reality show. When seventeen-year-old small-town waitress Rose impresses a famous food critic, she and her best friend, Fred, find themselves thrust into the tough world of competitive baking. The contest is an intense ten days of bizarre challenges, and the competition is cutthroat. Some competitors are willing to lie, cheat, and sabotage their way to the top. Rose may be in over her head, but she is determined to show that she can become a top chef. Batter Royale is a fish-out-of-water style romantic comedy about climbing out of the circumstances you're in and making your dreams come true"-- _cProvided by publisher. |
||
| 586 | _aRed Maple nominee, 2023. | ||
| 650 | 0 |
_aCooking _xCompetitions _vFiction. |
|
| 650 | 0 |
_aMan-woman relationships _vFiction. |
|
| 650 | 0 |
_aBaking _vFiction. |
|
| 650 | 7 |
_aHumorous comics. _2genre. |
|
| 650 | 7 |
_aGraphic novels. _2lcgft. _2genre. |
|
| 942 |
_2ddc _cFIC |
||